000 00615nam a2200229Ia 4500
003 OSt
005 20220928123039.0
006 a|||||r|||| 00| 0
007 ta
008 220927b |||||||| |||| 00| 0 eng d
024 _a42931
037 _cTextual
040 _aSDCL
_cSDCL
_beng
041 _2eng
_aeng
082 _aXM8:8-75, N6
100 _aPettinger Richard
_9460066
245 0 _aIntroduction to corporate strategy
260 _aLondon
_bMacmillan Business
_c1996
300 _axix,347p
_ccm.
942 _hXM8:8-75, N6
_cTEXL
_2CC
999 _c773299
_d773299